Ασκήσεις άλγεβρας
Αποθηκεύτηκε σε:
| Κύριος συγγραφέας: | |
|---|---|
| Άλλοι συγγραφείς: | , |
| Μορφή: | Βιβλίο |
| Γλώσσα: | Greek |
| Δημοσίευση: |
Θεσσαλονίκη :
Ζήτη,
1985.
|
| Θέματα: | |
| Ετικέτες: |
Προσθήκη ετικέτας
Δεν υπάρχουν, Καταχωρήστε ετικέτα πρώτοι!
|
MARC
| LEADER | 00000cam a2200000 i 4500 | ||
|---|---|---|---|
| 001 | 1/55336 | ||
| 008 | 951102s1985 gr | ||| |||| ||gre|| | ||
| 035 | |1 ΕΛΗ |a 1995 |b 2510 |c ΠΑΠΑΔΟΠΟΥΛΟΣ |l 10045258 | ||
| 040 | |a GR-MyUA |b gre |e AACR2 | ||
| 041 | 0 | |a gre | |
| 082 | 0 | |a 512 | |
| 100 | 1 | |a Λάκκης, Κωνσταντίνος. | |
| 245 | 1 | 0 | |a Ασκήσεις άλγεβρας / |c Κωνσταντίνου Λάκκη, Θ. Θεοχάρη-Αποστολίδη, Α. Χαλάτση. |
| 260 | |a Θεσσαλονίκη : |b Ζήτη, |c 1985. | ||
| 300 | |a 187 σ. ; |c 23 εκ. | ||
| 650 | 0 | 0 | |a Algebra. |
| 650 | 0 | 0 | |a Algebra |x Problems, exercises, etc. |
| 650 | 0 | 0 | |a Modules (Algebra) |
| 700 | 1 | |a Θεοχάρη-Αποστολίδη, Θεοδώρα Α., |d 1947- | |
| 700 | 1 | |a Χαλάτσης, Αθανάσιος. | |
| 852 | |a INST |b SAMOS |e 19951102 |h 512 ΛΑΚ |p 005300010092 |q 005300010092 |t BK |y 0 | ||
| 852 | |a INST |b SAMOS |e 19960304 |h 512 ΛΑΚ |p 005300010150 |q 005300010150 |t BK |y 23 | ||
| 909 | |a Σ |b 043073 | ||
| 909 | |a Σ |b 043074 | ||